Changing pattern of seasonality in prices and industrial production in India (Record no. 64340)

000 -LEADER
fixed length control field 00560pab a2200193 454500
008 - FIXED-LENGTH DATA ELEMENTS--GENERAL INFORMATION
fixed length control field 180718b2003 xxu||||| |||| 00| 0 eng d
100 ## - MAIN ENTRY--PERSONAL NAME
Personal name Joshi, Ajir R.
245 ## - TITLE STATEMENT
Title Changing pattern of seasonality in prices and industrial production in India
260 ## - PUBLICATION, DISTRIBUTION, ETC.
Date of publication, distribution, etc. 2003
300 ## - PHYSICAL DESCRIPTION
Extent p.203-24.
362 ## - DATES OF PUBLICATION AND/OR SEQUENTIAL DESIGNATION
Dates of publication and/or sequential designation Winter
650 ## - SUBJECT ADDED ENTRY--TOPICAL TERM
Topical term or geographic name entry element Production - India
650 ## - SUBJECT ADDED ENTRY--TOPICAL TERM
Topical term or geographic name entry element Prices - India
650 ## - SUBJECT ADDED ENTRY--TOPICAL TERM
Topical term or geographic name entry element Industrial production - India
650 ## - SUBJECT ADDED ENTRY--TOPICAL TERM
Topical term or geographic name entry element Industrial production
700 ## - ADDED ENTRY--PERSONAL NAME
Personal name Tripathi, A.K.
773 ## - HOST ITEM ENTRY
Main entry heading Reserve Bank of India Occasional Papers
909 ## -
-- 64340
Holdings
Withdrawn status Lost status Damaged status Not for loan Permanent Location Current Location Date acquired Serial Enumeration / chronology Barcode Date last seen Price effective from Koha item type
        Indian Institute of Public Administration Indian Institute of Public Administration 2018-07-19 Volume no: 24, Issue no: 3 AR64792 2018-07-19 2018-07-19 Articles

Powered by Koha